Slavic & East European information resources. - Philadelphia, Pa. : Routledge, Tayler & Francis Group. - 2000 [Rezension]
| Titel: | Slavic & East European information resources. - Philadelphia, Pa. : Routledge, Tayler & Francis Group. - 2000 [Rezension] |
|---|---|
| Verfasser: | |
| In: |
Judaica, Band 61 (2005), Seite 86-87 alle Artikel anzeigen |
| Veröffentlicht: | 2005 |
| Format: | Aufsatz |
| Sprache: | Deutsch |
X
alg: 39496527 001A $01999:12-11-16 001B $01999:04-08-21 $t21:00:37.000 001C $06050:23-02-17 $t16:44:30.000 001D $01999:12-11-16 001U $0utf8 001X $00 002@ $0Aox 003@ $0394965272 007A $0394965272 $aHEB 007T $0Herdd02890 010@ $ager 011@ $a2005 021A $aSlavic & East European information resources. - Philadelphia, Pa. : Routledge, Tayler & Francis Group. - 2000 [Rezension] 028A $7109231279 $8Schreiner, Stefan$Z1947- [Tp1] $9143931636 031A $d61 $h86-87 $j2005 037A $aBetr. H. 2/3: Judaica in the Slavic Realm, Slavica in the Judaic Realm: Repositories, Collections, Projects, Publications 039B $aIn $8--Abvc--. Judaica. - Zürich : Zürcher Institut für Interreligiösen Dialog (ZIID), 1945-[2018]. - ISSN 0022-572X $x200500000610000914 $9047669764 039T $8--Abvc--. Slavic & East European information resources. - Philadelphia, Pa. : Routledge, Tayler & Francis Group, 2000-. - ISSN 1522-8886 $9083703365 045F $a900.9437 $eDDC23BSB 045F/01 $a900 045F/03 $g437 045T $a7,7 $a1 $a0 045T $aJUDAICA $qDE-30 $2FID lok: 39496527 78 exp: 39496527 78 1 #EPN 201B/01 $018-11-16 $t13:17:15.000 201U/01 $0utf8 203@/01 $0791263843 208@/01 $a12-11-16 $be 209A/01 $a/ $f000 $x00 220C/01 $aTitelaufnehmer: dt 244Z/01 $2Trx $#Kesk- ja Ida- Euroopa kontseptsioonid $#Vidurio Europos koncepcijos $#East-Central Europe $#Keletközépeurópa-eszmék $#Europa Środkowo-Wschodnia koncepcje $#Európa stredovýchodná koncepcie $#Evropa střední, východní část koncepce $#Mitteleuropa $#Osteuropakonzeptionen $#Europa Środkowa koncepcje $#Stredná Európa koncepcie $#Střední Europa koncepce $8--Trx--Ostmitteleuropakonzeptionen $x01 $9391364286 244Z/01 $2Trx $#arvustused $#recenzijos $#Reviews $#recenziók $#recenzje $#recenzie $#recenze $8--Trx--Rezensionen $x02 $9391357441 247C/01 $82080>Marburg/Lahn, Herder-Institut, Forschungsbibliothek, Bibliographieportal $9336309341
| LEADER | 00000caa a22000002c 4500 | ||
|---|---|---|---|
| 001 | 394965272 | ||
| 003 | DE-603 | ||
| 005 | 20210804210037.0 | ||
| 007 | tu | ||
| 008 | 161112s2005 xx |||| | u00||u|ger c | ||
| 035 | |a (DE-599)HEB394965272 | ||
| 040 | |a DE-603 |b ger |c DE-603 |d DE-603 | ||
| 041 | |a ger | ||
| 082 | 0 | 4 | |8 1\u |a 900.9437 |q DE-101 |2 23/BSB |
| 084 | |a 7,7 |a 1 |a 0 |2 ssgn | ||
| 084 | |a JUDAICA |q DE-30 |2 fid | ||
| 085 | |8 1\u |b 900 | ||
| 085 | |8 1\u |z 2 |s 437 | ||
| 100 | 1 | |a Schreiner, Stefan |d 1947- |0 (DE-603)143931636 |0 (DE-588)109231279 |2 gnd | |
| 245 | 0 | 0 | |a Slavic & East European information resources. - Philadelphia, Pa. : Routledge, Tayler & Francis Group. - 2000 [Rezension] |
| 264 | 0 | |c 2005 | |
| 500 | |a Betr. H. 2/3: Judaica in the Slavic Realm, Slavica in the Judaic Realm: Repositories, Collections, Projects, Publications | ||
| 773 | 0 | 8 | |i In |t Judaica |d Zürich : Zürcher Institut für Interreligiösen Dialog (ZIID), 1945-[2018] |x 0022-572X |g Band 61 (2005), Seite 86-87 |w (DE-603)047669764 |w (DE-600)501373-2 |
| 787 | 0 | 8 | |i Rezension von |t Slavic & East European information resources |d Philadelphia, Pa. : Routledge, Tayler & Francis Group, 2000- |x 1522-8886 |w (DE-603)083703365 |w (DE-600)1492868-1 |
| 924 | 0 | |9 2080 |a (DE-603)791263843 |b DE-2080 |c HES |d d |g / | |


